| 000 | 01654nam a2200361Ia 4500 | ||
|---|---|---|---|
| 001 | ebr10170927 | ||
| 003 | CaPaEBR | ||
| 006 | m u | ||
| 007 | cr cn||||||||| | ||
| 008 | 070123s2007 dcua sb 000 0 eng d | ||
| 010 | _z 2007921549 | ||
| 020 | _z030910386X (pbk.) | ||
| 020 | _z9780309103862 (pbk.) | ||
| 040 |
_aCaPaEBR _cCaPaEBR |
||
| 035 | _a(OCoLC)182530367 | ||
| 050 | 1 | 4 |
_aRC270.3.T84 _bC36 2007eb |
| 082 | 0 | 4 |
_a616.99/4075 _222 |
| 245 | 0 | 0 |
_aCancer biomarkers _h[electronic resource] : _bthe promises and challenges of improving detection and treatment / _cCommittee on Developing Biomarker-Based Tools for Cancer Screening, Diagnosis, and Treatment, Institute of Medicine of the National Academies ; Sharyl J. Nass and Harold L. Moses, editors. |
| 260 |
_aWashington, D.C. : _bNational Academies Press, _cc2007. |
||
| 300 |
_axiv, 236 p. : _bill. |
||
| 504 | _aIncludes bibliographical references. | ||
| 533 |
_aElectronic reproduction. _bPalo Alto, Calif. : _cebrary, _d2009. _nAvailable via World Wide Web. _nAccess may be limited to ebrary affiliated libraries. |
||
| 650 | 0 | _aTumor markers. | |
| 650 | 0 |
_aCancer _xDiagnosis. |
|
| 650 | 0 |
_aCancer _xTreatment. |
|
| 655 | 7 |
_aElectronic books. _2local |
|
| 700 | 1 | _aNass, Sharyl J. | |
| 700 | 1 | _aMoses, Harold L. | |
| 710 | 2 | _aNational Academies Press (U.S.) | |
| 710 | 2 |
_aInstitute of Medicine (U.S.). _bCommittee on Developing Biomarker-Based Tools for Cancer Screening, Diagnosis, and Treatment. |
|
| 710 | 2 | _aebrary, Inc. | |
| 856 | 4 | 0 |
_uhttp://site.ebrary.com/lib/rucke/Doc?id=10170927 _zAn electronic book accessible through the World Wide Web; click to view |
| 999 |
_c249804 _d249804 |
||